Stolice Bloszka - Statystyki

Ogólne statystyki
  • Ten quiz został rozwiązany 125 razy
  • Średni wynik to 35 z 54
Statystyki odpowiedzi
Hint Odpowiedź % Poprawnych
Meksyk Meksyk
100%
Kanada Ottawa
100%
Stany Zjednoczone Waszyngton
100%
Panama Panama
92%
Chiny Pekin
92%
Brazylia Brasilia
88%
Argentyna Buenos Aires
88%
Korea Północna Pjongjang
88%
Japonia Tokio
88%
Indie Delhi
83%
Gwatemala Gwatemala
83%
Syria Damaszek
79%
Kuba Hawana
79%
Izrael Jerozolima
79%
Peru Lima
79%
Kazachstan Astana
75%
Kolumbia Bogota
75%
Egipt Kair
75%
Iran Teheran
75%
Mongolia Ułan Bator
75%
Zjednoczone Emiraty Arabskie Abu Zabi
71%
Arabia Saudyjska Al Rijad
71%
Wietnam Hanoi
71%
Pakistan Islamabad
71%
Urugwaj Montevideo
71%
Chile Santiago
71%
Azerbejdżan Baku
67%
Indonezja Dżakarta
67%
Maroko Rabat
67%
Tunezja Tunis
67%
Wenezuela Caracas
63%
Nikaragua Managua
63%
Filipiny Manilla
63%
Kostaryka San Jose
63%
Boliwia Sucre
63%
Liban Bejrut
58%
Australia Canberra
58%
Bangladesz Dhaka
58%
Afganistan Kabul
58%
Nowa Zelandia Wellington
58%
Algieria Algier
54%
Irak Bagdad
54%
Jemen Sana
46%
Uzbekistan Taszkent
46%
Libia Trypolis
46%
Kenia Nairobi
42%
RPA Pretoria
42%
Sudan Południowy Dżuba
38%
Nigeria Abudża
29%
Somalia Mogadiszu
29%
Mali Bamako
25%
Mozambik Maputo
25%
Etiopia Addis Abeba
21%
Demokratyczna Republika Konga Kinszasa
21%
Nie znaleziono quizów pasujących do podanych kryteriów
Rozkład punktacji
Procent ludzi z każdym wynikiem
Percentyl według liczby udzielonych odpowiedzi
Twoja historia wyników
Nie rozwiązałeś tego quizu